000 00261nam a22001097a 4500
008 160523b xxu||||| |||| 00| 0 eng d
020 _a0393979830
041 _aeng
080 _a778.5
245 _aFilm analysis:
_cJeffrey Geiger; R. L. Rutsky;
942 _2udc
_cBK
999 _c2411
_d2411